000 00636nam a2200181 a 4500
001 000034507
005 20200930073735.0
008 111005s2007 ko ac r 000 0 spa d
020 _a9788971992883
040 _aDO-SdBNP
_bspa
_cBNPHU
082 _axxxx
_bxxxx
245 0 0 _aGyeongju :
_bA field guide to history /
_ctranslated by Lee Moon-ok, Nicholas Duverna.
260 _aKorea :
_bwritten by Korea Cultural and Historical Survey Society,
_c2007.
300 _a276 p. :
_bil., retrs. ;
_c22 cm.
700 1 _aMoon-ok, Lee
_959955
700 1 _aDuverna, Nicholas
_959956
710 2 _aKorea Cultural and Historical Survey Society
_959957
999 _c33998
_d33998